000 00905nam a22003017a 4500
003 CHAP
005 20220329134233.0
008 971013s1967 r 00010 d
010 _a17418
011 _a18390
035 _a22475
040 _cCHAP
082 _a311
_bH8 1967
100 0 0 _aHuntsberger, David V.
_956959
245 _aElements of statistical inference
250 _a2 ed.
260 _aBoston :
_bAllyn and Bacon,
_c1967
300 _a398 p.
590 _aBATCH-UPD
_b10
_c20130110
_lUCH01
_h2105
590 _aBATCH-UPD
_b10
_c20130410
_lUCH01
_h1417
590 _aBATCH-UPD
_b10
_c20130914
_lUCH01
_h1323
590 _aCONVERSION
_b10
_c20130109
_lUCH01
_h1311
650 1 4 _aEstadística.
_938241
901 _aBK
942 _cLIBRO
949 _a311 H8 1967
_bBC
_cLIBRO
_d-52719
_eLIBRO
_h15246
_i22475
_si
949 _a311 H8 1967
_bBC
_cLIBRO
_d33724000296380
_eLIBRO
_fc.2
_h15482
_i22475
_si
999 _c17418
_d17418